MARC

LEADER 00000nam0a2200000 4500
001 28113
005 20231101205833.0
010 |a 5020306487 
035 |a (RuTPU)RU\TPU\book\28369 
035 |a BOOK00028444 
090 |a 28113 
100 |a 20011209d1993 k y0rusy50 ca 
101 0 |a rus 
102 |a RU 
105 |a а z 001zy 
200 1 |a Ядерные сигналы в магнито-упорядоченных средах  |f В. А. Игнатченко, В. И. Цифринович; Под ред. М. И. Куркина; РАН СО, Ин-т физики им. Л. В. Киренского 
210 |a Новосибирск  |c Наука  |d 1993 
215 |a 146 с.  |c ил. 
320 |a Библиогр.: с. 140-147 (157 назв.). 
606 |a Ядерный магнитный резонанс  |2 stltpush  |3 (RuTPU)RU\TPU\subj\21780  |9 46721 
610 1 |a физика 
610 1 |a ядерная физика 
610 1 |a магнито-упорядоченные среды 
610 1 |a ядерные сигналы 
610 1 |a ядерные спины 
675 |a 539.143.43  |v 3 
700 1 |a Игнатченко  |b В. А.  |g Вальтер Алексеевич 
701 1 |a Цифринович  |b В. И.  |g Владимир Ильич 
702 1 |a Куркин  |b М. И 
712 0 2 |a Российская академия наук  |b Сибирское отделение  |b Институт физики им. Л. В. Киренского (ИФ СО РАН)  |c (Красноярск)  |2 stltpush  |3 (RuTPU)RU\TPU\col\198 
801 0 |a RU  |b 63413507  |c 20011209  |g PSBO 
801 2 |a RU  |b 63413507  |c 20180329  |g PSBO 
942 |c BK